Bharat Jaha Koi Na Sar Otha Kay Chalain / (Record no. 523439)

000 -LEADER
fixed length control field 00506nam a22001817a 4500
003 - CONTROL NUMBER IDENTIFIER
control field NUST
020 ## - INTERNATIONAL STANDARD BOOK NUMBER
International Standard Book Number 9789692316958
038 ## - RECORD CONTENT LICENSOR
Staff Name waseem
082 ## - DEWEY DECIMAL CLASSIFICATION NUMBER
Classification number 954
Author Mark AHM
100 ## - MAIN ENTRY--PERSONAL NAME
Personal name Ahmed, Junaid
9 (RLIN) 13779
245 ## - TITLE STATEMENT
Title Bharat Jaha Koi Na Sar Otha Kay Chalain /
Statement of responsibility, etc. Junaid Ahmed
260 ## - PUBLICATION, DISTRIBUTION, ETC.
Place of publication, distribution, etc. Karachi :
Name of publisher, distributor, etc. A.J.A,
Date of publication, distribution, etc. 2018.
300 ## - PHYSICAL DESCRIPTION
Extent 576 p. ;
500 ## - GENERAL NOTE
General note Hardcover.
880 ## - ALTERNATE GRAPHIC REPRESENTATION
Linkage 100-02\r
Title جنیداحمد
880 ## - ALTERNATE GRAPHIC REPRESENTATION
Linkage 245-02\r
Title بھارت جہاں کوھی نہ سراٹھا کے چلے
942 ## - ADDED ENTRY ELEMENTS (KOHA)
Source of classification or shelving scheme
Koha item type Book
Holdings
Withdrawn status Lost status Source of classification or shelving scheme Damaged status Not for loan Permanent Location Current Location Shelving location Date acquired Source of acquisition Total Checkouts Full call number Barcode Date last seen Date last checked out Price effective from Koha item type
          Central Library (CL) Central Library (CL) Biographies 03/08/2019 Donation 4 954 AHM CL-D-327 03/04/2024 11/19/2020 03/08/2019 Book
© 2023 Central Library, National University of Sciences and Technology. All Rights Reserved.